000 00747nam a22002055i 4500
001 162175
003 ES-MaACL
005 20230906212439.0
008 041102s1807 fr a |||| | fre d
040 _aCAM
_bspa
_cCAM
100 1 _aPinel, Philippe.
_992114
245 1 0 _aNosographie philosophique, ou la méthode de l'analyse appliquée a la médecine /
_cpar Ph. Pinel.
250 _a3e éd. rev., corr. et augm.
260 _aParis :
_bJ.A. Brosson, Libraire,
_c1807.
300 _av. ;
_c21 cm.
597 _aT. I: [2] h., 354 p., [1] h. de lám.
597 _aLa h. de lám es un retrato del autor.
650 4 _aEnfermedades-
_xClasificación.
_9168751
852 _aES-MaACL
_jR-3170
_x Olim:G-10622
_z-- Enc. piel
_q-- Sólo t.I
999 _c162175
_d162175